[Event "Abe Yanofsky mem. U1800"]
[Site "Winnipeg CAN"]
[Date "2009.09.04"]
[Round "1"]
[White "De Groot, Steven"]
[Black "Crawford, Gary"]
[Result "1-0"]
[WhiteElo "1690"]
[BlackElo "1439"]
[PlyCount "95"]
[GameId "2160767910092947"]
[EventDate "2009.09.04"]
[EventType "swiss"]
[EventRounds "5"]
[EventCountry "CAN"]
[SourceTitle "EXT 2011"]
[Source "ChessBase"]
[SourceDate "2011.11.26"]
[SourceVersion "1"]
[SourceVersionDate "2011.11.26"]
[SourceQuality "1"]

1. e4 c5 2. Nf3 d6 3. d4 cxd4 4. Nxd4 Nf6 5. Nc3 a6 6. Bg5 e6 7. f4 Nc6 8. Nxc6 bxc6 9. e5 h6 10. Bh4 dxe5 11. Qxd8+ Kxd8 12. fxe5 g5 13. Bxg5 hxg5 14. exf6 Bb4 15. O-O-O+ Kc7 16. Ne4 Rg8 17. Bc4 Bb7 18. a3 Bf8 19. Rd2 c5 20. Nc3 g4 21. Kb1 Bc6 22. Rhd1 Bh6 23. Re2 Rg6 24. Ne4 Bxe4 25. Rxe4 Rxf6 26. Rxg4 Rf4 27. Rxf4 Bxf4 28. Rf1 Bxh2 29. Rxf7+ Kd6 30. Rf6 Re8 31. Bxa6 Ke7 32. Rh6 Bf4 33. Rh5 e5 34. Bc4 Kd6 35. g4 e4 36. Rd5+ Kc6 37. Rf5 Bg3 38. Kc1 Re5 39. Rxe5 Bxe5 40. Kd2 Bf4+ 41. Kd1 Be5 42. c3 Bf4 43. Kc2 Kd6 44. b4 Kc6 45. a4 cxb4 46. cxb4 Kb6 47. Kc3 e3 48. Kd3 1-0

[Event "Abe Yanofsky mem. U1800"]
[Site "Winnipeg CAN"]
[Date "2009.09.04"]
[Round "1"]
[White "Keer, Keer"]
[Black "Pang, Michael"]
[Result "0-1"]
[WhiteElo "1424"]
[BlackElo "1679"]
[PlyCount "92"]
[GameId "2160767910092948"]
[EventDate "2009.09.04"]
[EventType "swiss"]
[EventRounds "5"]
[EventCountry "CAN"]
[SourceTitle "EXT 2011"]
[Source "ChessBase"]
[SourceDate "2011.11.26"]
[SourceVersion "1"]
[SourceVersionDate "2011.11.26"]
[SourceQuality "1"]

1. d4 d5 2. c4 c6 3. Nc3 Nf6 4. e3 g6 5. Bd3 Bg7 6. Nf3 O-O 7. O-O Nbd7 8. Re1 e6 9. e4 dxe4 10. Nxe4 Nxe4 11. Bxe4 c5 12. Qb3 cxd4 13. Rd1 Nc5 14. Qc2 e5 15. h3 f5 16. Bd5+ Be6 17. Bxe6+ Nxe6 18. Qb3 Nc5 19. Qb5 Qb6 20. Qxb6 axb6 21. b3 Nxb3 22. Rb1 Nxc1 23. Rdxc1 Rxa2 24. Rxb6 Rf7 25. Ng5 Rc7 26. c5 Bh6 27. h4 Bxg5 28. hxg5 Ra6 29. Rcb1 Rxb6 30. cxb6 Rc6 31. Kf1 e4 32. f3 Kf7 33. Ke2 Rc2+ 34. Kf1 Ke6 35. f4 Kd5 36. Rb5+ Rc5 37. Rb4 d3 38. Kf2 Rc2+ 39. Kf1 e3 40. Rb5+ Rc5 41. Rb1 d2 42. Ke2 Rc1 43. Kxe3 d1=Q 44. Rb5+ Kc4 45. Re5 Qd3+ 46. Kf2 Rf1# 0-1

[Event "Abe Yanofsky mem. U1800"]
[Site "Winnipeg CAN"]
[Date "2009.09.06"]
[Round "2"]
[White "Enns, Edward"]
[Black "Keer, Keer"]
[Result "0-1"]
[WhiteElo "1166"]
[BlackElo "1424"]
[PlyCount "40"]
[GameId "2160767910092949"]
[EventDate "2009.09.04"]
[EventType "swiss"]
[EventRounds "5"]
[EventCountry "CAN"]
[SourceTitle "EXT 2011"]
[Source "ChessBase"]
[SourceDate "2011.11.26"]
[SourceVersion "1"]
[SourceVersionDate "2011.11.26"]
[SourceQuality "1"]

1. e4 e5 2. Nf3 Bd6 3. d4 Nc6 4. Bb5 Nge7 5. d5 Nb8 6. O-O O-O 7. a3 a6 8. Be2 h6 9. c4 c6 10. dxc6 dxc6 11. c5 Bxc5 12. Nxe5 Qc7 13. Bf4 Qb6 14. b4 Bd4 15. Nc4 Qd8 16. Bd6 Bxa1 17. Nbd2 Bf6 18. e5 Bg5 19. Ne4 Nd5 20. Bxf8 Qxf8 0-1

[Event "Abe Yanofsky mem. U1800"]
[Site "Winnipeg CAN"]
[Date "2009.09.06"]
[Round "2"]
[White "Gannon, Keith"]
[Black "Knight, Eugene"]
[Result "1-0"]
[WhiteElo "1570"]
[BlackElo "1522"]
[PlyCount "113"]
[GameId "2160767910092950"]
[EventDate "2009.09.04"]
[EventType "swiss"]
[EventRounds "5"]
[EventCountry "CAN"]
[SourceTitle "EXT 2011"]
[Source "ChessBase"]
[SourceDate "2011.11.26"]
[SourceVersion "1"]
[SourceVersionDate "2011.11.26"]
[SourceQuality "1"]

1. d4 f5 2. g3 c6 3. Bg2 Nf6 4. Nf3 d6 5. c4 Be6 6. b3 Qa5+ 7. Bd2 Qc7 8. Nc3 Bd7 9. d5 g6 10. Nd4 Bg7 11. e3 a5 12. O-O Na6 13. a3 Nc5 14. Be1 e5 15. dxe6 Nxe6 16. Nxe6 Bxe6 17. Rb1 O-O-O 18. Qc1 d5 19. cxd5 Nxd5 20. Nxd5 Bxd5 21. Bc3 Bxc3 22. Qxc3 Rhe8 23. Rfd1 Be4 24. Bxe4 Rxe4 25. Rxd8+ Qxd8 26. Rc1 Re7 27. a4 Rd7 28. h4 Rd3 29. Qc4 Qd5 30. Qxd5 Rxd5 31. Rc3 Rd1+ 32. Kg2 Rd2 33. Kf3 Kd7 34. Kg2 Kd6 35. Kf1 Kd5 36. Ke1 Rb2 37. f3 Rg2 38. Rd3+ Ke5 39. Rd7 b5 40. axb5 cxb5 41. Rxh7 Rb2 42. Ra7 Rb1+ 43. Kd2 Rxb3 44. Rxa5 Kd5 45. Ra6 Kc4 46. Rc6+ Kb4 47. Rxg6 Rb2+ 48. Kd3 Rb3+ 49. Kd4 Rc3 50. h5 Rc4+ 51. Kd3 Rc3+ 52. Kd2 Kb3 53. h6 Rc2+ 54. Kd3 Rh2 55. g4 fxg4 56. fxg4 Kb2 57. Rb6 1-0

[Event "Abe Yanofsky mem. U1800"]
[Site "Winnipeg CAN"]
[Date "2009.09.06"]
[Round "2"]
[White "Gibbons, Lorne"]
[Black "Gannon, Keith"]
[Result "1-0"]
[WhiteElo "1252"]
[BlackElo "1570"]
[PlyCount "123"]
[GameId "2160767910092951"]
[EventDate "2009.09.04"]
[EventType "swiss"]
[EventRounds "5"]
[EventCountry "CAN"]
[SourceTitle "EXT 2011"]
[Source "ChessBase"]
[SourceDate "2011.11.26"]
[SourceVersion "1"]
[SourceVersionDate "2011.11.26"]
[SourceQuality "1"]

1. d4 d5 2. c4 e6 3. cxd5 exd5 4. Nc3 Nf6 5. Bf4 a6 6. a3 Be7 7. Nf3 Nc6 8. h3 O-O 9. e3 Re8 10. Be2 b5 11. b4 Be6 12. Qc2 Bd7 13. Nd2 h6 14. O-O-O Rc8 15. Qa2 Bf5 16. g4 Bh7 17. Nb3 Ne4 18. Nxe4 Bxe4 19. f3 Bg6 20. Qd2 Bg5 21. Bxg5 Qxg5 22. f4 Qe7 23. f5 Bh7 24. Bf3 Qxe3 25. Bxd5 Qxd2+ 26. Rxd2 Nd8 27. Nc5 c6 28. Bg2 Re3 29. Rd3 Rxd3 30. Nxd3 Nb7 31. Ne5 Nd8 32. Kd2 f6 33. Nd7 h5 34. Rc1 hxg4 35. hxg4 Rc7 36. Nc5 Ra7 37. Nb3 g6 38. fxg6 Bxg6 39. Bxc6 Bf7 40. Na5 Rc7 41. d5 Nxc6 42. Rxc6 Rd7 43. d6 Be6 44. Rxa6 Bxg4 45. Nb3 Kf7 46. Nc5 Rd8 47. Ra7+ Kg6 48. Ra6 Bc8 49. Rb6 Bd7 50. Ne4 f5 51. Nc3 f4 52. Nxb5 Bxb5 53. Rxb5 Rxd6+ 54. Ke2 Ra6 55. Ra5 Rf6 56. Kf3 Kh6 57. b5 Kh5 58. b6+ Kh4 59. Rb5 Rc6 60. b7 Rc3+ 61. Kxf4 Rxa3 62. b8=Q 1-0

[Event "Abe Yanofsky mem. U1800"]
[Site "Winnipeg CAN"]
[Date "2009.09.06"]
[Round "2"]
[White "Letain, Cory"]
[Black "De Groot, Steven"]
[Result "0-1"]
[WhiteElo "1606"]
[BlackElo "1690"]
[PlyCount "88"]
[GameId "2160767910092952"]
[EventDate "2009.09.04"]
[EventType "swiss"]
[EventRounds "5"]
[EventCountry "CAN"]
[SourceTitle "EXT 2011"]
[Source "ChessBase"]
[SourceDate "2011.11.26"]
[SourceVersion "1"]
[SourceVersionDate "2011.11.26"]
[SourceQuality "1"]

1. d4 d5 2. c4 e6 3. Nf3 Nf6 4. a3 Be7 5. Qc2 O-O 6. e3 b6 7. Be2 Bb7 8. O-O Nbd7 9. Nc3 c5 10. cxd5 exd5 11. dxc5 bxc5 12. Bd2 a6 13. Rfd1 Qc7 14. Rac1 Rfd8 15. Na2 Nf8 16. Nb4 Ne6 17. Nd4 Qb6 18. Nxe6 fxe6 19. Nd3 Rac8 20. Qa4 Qa7 21. Ba5 Rd6 22. Ne5 Bc6 23. Nxc6 Rdxc6 24. Bc3 Ne4 25. Be5 Bf6 26. Bxf6 Nxf6 27. Qh4 Qb8 28. b4 c4 29. Bg4 Rd8 30. Qh3 Qd6 31. Bf3 e5 32. Bxd5+ Nxd5 33. e4 Nf4 34. Qg4 Qe7 35. Rxd8+ Qxd8 36. Rd1 Rd6 37. Rxd6 Qxd6 38. Qc8+ Kf7 39. Qf5+ Ke7 40. Qg4 g6 41. Qh4+ Ke8 42. Qg4 Kf7 43. Qf3 c3 44. g3 Qd3 0-1

[Event "Abe Yanofsky mem. U1800"]
[Site "Winnipeg CAN"]
[Date "2009.09.06"]
[Round "2"]
[White "Ott, Richard"]
[Black "Villeneuve, Justin"]
[Result "1-0"]
[WhiteElo "1499"]
[BlackElo "1356"]
[PlyCount "73"]
[GameId "2160767910092953"]
[EventDate "2009.09.04"]
[EventType "swiss"]
[EventRounds "5"]
[EventCountry "CAN"]
[SourceTitle "EXT 2011"]
[Source "ChessBase"]
[SourceDate "2011.11.26"]
[SourceVersion "1"]
[SourceVersionDate "2011.11.26"]
[SourceQuality "1"]

1. d4 Nf6 2. Nf3 d5 3. c4 Bf5 4. e3 e6 5. Nc3 Bd6 6. Qb3 b6 7. cxd5 exd5 8. Bb5+ c6 9. Be2 O-O 10. Nh4 Be6 11. g3 Nbd7 12. Bd2 Ne4 13. Nxe4 dxe4 14. Qc2 Qc7 15. O-O Nf6 16. Rac1 Rfc8 17. Ng2 Bxa2 18. b3 Bxb3 19. Qxb3 c5 20. Bc3 cxd4 21. Bb2 Qb7 22. exd4 Rxc1 23. Rxc1 Rc8 24. Ra1 Nd5 25. Ba6 Qb8 26. Bxc8 Qxc8 27. Qxd5 Qb8 28. Ne3 Be7 29. Qxe4 Bd6 30. d5 Qb7 31. Qe8+ Bf8 32. Ba3 h6 33. Qxf8+ Kh7 34. Nf5 Kg6 35. Nh4+ Kh7 36. Bb2 g6 37. Qg7# 1-0

[Event "Abe Yanofsky mem. U1800"]
[Site "Winnipeg CAN"]
[Date "2009.09.06"]
[Round "2"]
[White "Pang, Michael"]
[Black "Manicdao, Tomas"]
[Result "1-0"]
[WhiteElo "1679"]
[BlackElo "1724"]
[PlyCount "123"]
[GameId "2160767910092954"]
[EventDate "2009.09.04"]
[EventType "swiss"]
[EventRounds "5"]
[EventCountry "CAN"]
[SourceTitle "EXT 2011"]
[Source "ChessBase"]
[SourceDate "2011.11.26"]
[SourceVersion "1"]
[SourceVersionDate "2011.11.26"]
[SourceQuality "1"]

1. e4 e6 2. d4 d5 3. e5 c5 4. c3 Nc6 5. Nf3 a6 6. Bd3 Be7 7. O-O Qb6 8. Re1 Bd7 9. Bc2 Rc8 10. a3 Qc7 11. Be3 cxd4 12. Bxd4 Nxd4 13. Nxd4 Bc5 14. Qd3 Ne7 15. Nd2 Ng6 16. N2f3 b5 17. Rac1 Qb6 18. Bb1 Qa7 19. Rc2 Bb6 20. Rec1 Qb8 21. Qe2 O-O 22. Ba2 Rc5 23. Bb3 Rfc8 24. Ba2 Ba7 25. Bb1 Qc7 26. Qe1 Qd8 27. Ba2 R5c7 28. Bb1 Qe7 29. Qd2 Bb8 30. Qe3 Be8 31. Ba2 Ba7 32. Qd2 Bc5 33. b4 Ba7 34. Qe2 Rb7 35. Ne1 Bb8 36. Nd3 Qg5 37. Nf3 Nf4 38. Nxg5 Nxe2+ 39. Rxe2 Ba7 40. Nf3 Rbc7 41. Rec2 Bd7 42. Nd2 Be8 43. Nb3 Bb8 44. Nbc5 Ra7 45. Bb3 Bc6 46. a4 Bc7 47. axb5 axb5 48. Ra2 Rca8 49. Rca1 Rxa2 50. Rxa2 Rxa2 51. Bxa2 Kf8 52. f4 Ke7 53. Kf1 Bb6 54. g3 g6 55. Nc1 Kd8 56. N1b3 Be8 57. Nb7+ Ke7 58. Nd6 Bd7 59. Nd4 Bxd4 60. cxd4 h6 61. Bb1 g5 62. Bd3 1-0

[Event "Abe Yanofsky mem. U1800"]
[Site "Winnipeg CAN"]
[Date "2009.09.06"]
[Round "2"]
[White "Williams, Eric"]
[Black "Trueman, Francis"]
[Result "1-0"]
[WhiteElo "1485"]
[BlackElo "1491"]
[PlyCount "44"]
[GameId "2160767910092955"]
[EventDate "2009.09.04"]
[EventType "swiss"]
[EventRounds "5"]
[EventCountry "CAN"]
[SourceTitle "EXT 2011"]
[Source "ChessBase"]
[SourceDate "2011.11.26"]
[SourceVersion "1"]
[SourceVersionDate "2011.11.26"]
[SourceQuality "1"]

1. e4 d6 2. d4 Nf6 3. Nc3 g6 4. f4 Bg7 5. Nf3 O-O 6. Bc4 c6 7. a3 Qc7 8. Ba2 Ne8 9. O-O Nd7 10. Qe1 e5 11. dxe5 dxe5 12. f5 Nef6 13. fxg6 hxg6 14. Qg3 Qb6+ 15. Kh1 Nh5 16. Qxg6 Ndf6 17. Bh6 Be6 18. Bxe6 fxe6 19. Ng5 Qc7 20. Nxe6 Qf7 21. Qxf7+ Rxf7 22. Bxg7 Nxg7 1-0

[Event "Abe Yanofsky mem. U1800"]
[Site "Winnipeg CAN"]
[Date "2009.09.05"]
[Round "3"]
[White "De Groot, Steven"]
[Black "Pang, Michael"]
[Result "1-0"]
[WhiteElo "1690"]
[BlackElo "1679"]
[PlyCount "71"]
[GameId "2160767910092956"]
[EventDate "2009.09.04"]
[EventType "swiss"]
[EventRounds "5"]
[EventCountry "CAN"]
[SourceTitle "EXT 2011"]
[Source "ChessBase"]
[SourceDate "2011.11.26"]
[SourceVersion "1"]
[SourceVersionDate "2011.11.26"]
[SourceQuality "1"]

1. e4 c5 2. Nf3 d6 3. d4 cxd4 4. Nxd4 Nf6 5. Nc3 Nc6 6. Bg5 e6 7. Qd2 Be7 8. O-O-O O-O 9. f4 d5 10. e5 Ne8 11. Bxe7 Qxe7 12. g4 Bd7 13. h4 Rc8 14. g5 Kh8 15. h5 f6 16. exf6 gxf6 17. g6 Nxd4 18. Qxd4 a6 19. f5 e5 20. Nxd5 Qd6 21. Qe3 Bxf5 22. Qh6 Rxc2+ 23. Kb1 Rd2+ 24. Kc1 Rxd1+ 25. Kxd1 Qxd5+ 26. Ke1 Qg8 27. Bc4 Qg7 28. Qe3 Nd6 29. Bb3 Rc8 30. h6 Qxg6 31. Rg1 Qxg1+ 32. Qxg1 Bg6 33. Qb6 Rc6 34. Qd8+ Ne8 35. Qe7 Rc1+ 36. Kd2 1-0

[Event "Abe Yanofsky mem. U1800"]
[Site "Winnipeg CAN"]
[Date "2009.09.05"]
[Round "3"]
[White "Trueman, Francis"]
[Black "Green, Leah"]
[Result "1-0"]
[WhiteElo "1491"]
[BlackElo "1224"]
[PlyCount "87"]
[GameId "2160767910092957"]
[EventDate "2009.09.04"]
[EventType "swiss"]
[EventRounds "5"]
[EventCountry "CAN"]
[SourceTitle "EXT 2011"]
[Source "ChessBase"]
[SourceDate "2011.11.26"]
[SourceVersion "1"]
[SourceVersionDate "2011.11.26"]
[SourceQuality "1"]

1. Nf3 Nc6 2. d3 e5 3. e4 Nf6 4. Nbd2 d5 5. g3 d4 6. Bg2 Bg4 7. O-O Qd7 8. Qe2 Bh3 9. a4 Bb4 10. Nc4 O-O 11. Nfxe5 Nxe5 12. Nxe5 Qe6 13. f4 Bxg2 14. Kxg2 Nd7 15. Nc4 f5 16. Bd2 Bxd2 17. Qxd2 fxe4 18. dxe4 Qxe4+ 19. Kg1 Qd5 20. Ne3 Qd6 21. Nc4 Qc5 22. Qd3 Rfe8 23. b4 Qxb4 24. Rfb1 Qc5 25. Rxb7 Rad8 26. Rb5 Qc6 27. Qb3 Re2 28. Ne5+ Kh8 29. Nxc6 Rde8 30. Ne5 Nxe5 31. Rxe5 R2xe5 32. fxe5 Rd8 33. Rb1 g6 34. e6 Re8 35. Qd5 Kg7 36. Qxd4+ Kf8 37. Rf1+ Kg8 38. Qf6 Ra8 39. Qf7+ Kh8 40. Qxc7 Rg8 41. Rf7 Rg7 42. Rxg7 h5 43. Rh7+ Kg8 44. Qg7# 1-0

[Event "Abe Yanofsky mem. U1800"]
[Site "Winnipeg CAN"]
[Date "2009.09.06"]
[Round "4"]
[White "Crawford, Gary"]
[Black "Gannon, Keith"]
[Result "0-1"]
[WhiteElo "1439"]
[BlackElo "1570"]
[PlyCount "107"]
[GameId "2160767910092958"]
[EventDate "2009.09.04"]
[EventType "swiss"]
[EventRounds "5"]
[EventCountry "CAN"]
[SourceTitle "EXT 2011"]
[Source "ChessBase"]
[SourceDate "2011.11.26"]
[SourceVersion "1"]
[SourceVersionDate "2011.11.26"]
[SourceQuality "1"]

1. e4 e5 2. Nf3 d6 3. Nc3 Nf6 4. h3 Be7 5. d4 exd4 6. Nxd4 a6 7. Bd3 O-O 8. O-O Bd7 9. b3 Re8 10. Bb2 Nc6 11. Nf3 Ne5 12. Nxe5 dxe5 13. Nd5 Bd6 14. Nxf6+ Qxf6 15. f4 Qe7 16. f5 f6 17. Qg4 Bc5+ 18. Kh1 b5 19. c4 c6 20. h4 Red8 21. Rad1 Be8 22. h5 h6 23. Bc1 Kh8 24. Rf3 b4 25. Rg3 Qf8 26. Qf3 Ra7 27. Be3 Bxe3 28. Qxe3 Rd4 29. Qe2 c5 30. Rh3 a5 31. g4 a4 32. Qf1 axb3 33. axb3 Ra3 34. Bc2 Qd6 35. Ra1 Qa6 36. Rd1 Rxd1 37. Bxd1 Ra1 38. Rd3 Kh7 39. Qf3 Bc6 40. Kh2 Ra2+ 41. Kg3 Qb7 42. Re3 Rd2 43. Qh1 Qd7 44. Bf3 Qd4 45. Qe1 Kg8 46. Kh3 Kf7 47. Kg3 Ra2 48. Re2 Ra1 49. Qd2 Rg1+ 50. Kh2 Rd1 51. Qc2 Qg1+ 52. Kh3 Rf1 53. Bg2 Rc1 54. Qd3 0-1

[Event "Abe Yanofsky mem. U1800"]
[Site "Winnipeg CAN"]
[Date "2009.09.06"]
[Round "4"]
[White "Enns, Edward"]
[Black "Trueman, Francis"]
[Result "0-1"]
[WhiteElo "1166"]
[BlackElo "1491"]
[PlyCount "44"]
[GameId "2160767910092959"]
[EventDate "2009.09.04"]
[EventType "swiss"]
[EventRounds "5"]
[EventCountry "CAN"]
[SourceTitle "EXT 2011"]
[Source "ChessBase"]
[SourceDate "2011.11.26"]
[SourceVersion "1"]
[SourceVersionDate "2011.11.26"]
[SourceQuality "1"]

1. d4 Nf6 2. c4 d6 3. Nc3 g6 4. e4 Bg7 5. Bg5 O-O 6. Be2 c6 7. e5 dxe5 8. dxe5 Qxd1+ 9. Rxd1 Ng4 10. Bxe7 Re8 11. Rd8 Rxd8 12. Bxg4 Re8 13. Bxc8 Rxe7 14. f4 Na6 15. Bg4 f6 16. Nf3 fxe5 17. f5 gxf5 18. Bxf5 Rf8 19. g4 Nc5 20. O-O e4 21. Re1 e3 22. Ng5 Bf6 0-1

[Event "Abe Yanofsky mem. U1800"]
[Site "Winnipeg CAN"]
[Date "2009.09.06"]
[Round "4"]
[White "Green, Leah"]
[Black "Villeneuve, Justin"]
[Result "1-0"]
[WhiteElo "1224"]
[BlackElo "1356"]
[PlyCount "133"]
[GameId "2160767910092960"]
[EventDate "2009.09.04"]
[EventType "swiss"]
[EventRounds "5"]
[EventCountry "CAN"]
[SourceTitle "EXT 2011"]
[Source "ChessBase"]
[SourceDate "2011.11.26"]
[SourceVersion "1"]
[SourceVersionDate "2011.11.26"]
[SourceQuality "1"]

1. e4 e6 2. d4 d5 3. e5 g6 4. Nf3 Nh6 5. h3 Nc6 6. Bb5 Bd7 7. a3 a6 8. Be2 Bg7 9. Nc3 O-O 10. Be3 Nf5 11. Qd2 Nxe3 12. Qxe3 Re8 13. O-O f6 14. exf6 Bxf6 15. Qd2 Qe7 16. Rfe1 Qd6 17. Rab1 e5 18. dxe5 Nxe5 19. Nxe5 Bxe5 20. Qxd5+ Qxd5 21. Nxd5 Be6 22. Nc3 Rad8 23. Bd3 c6 24. Rxe5 Bf7 25. Rbe1 Rxe5 26. Rxe5 Re8 27. Rxe8+ Bxe8 28. Bc4+ Kh8 29. Ne4 b5 30. Be6 g5 31. Nxg5 Kg7 32. Bc8 Kh6 33. Ne6 a5 34. Nd4 b4 35. axb4 axb4 36. c3 bxc3 37. bxc3 c5 38. Nc2 Bg6 39. Na3 Kg7 40. c4 Kf8 41. Ba6 Ke7 42. Bb5 h5 43. g4 h4 44. f4 Kf6 45. f5 Bh7 46. Nc2 Kg5 47. Kg2 Kf6 48. Kf3 Kf7 49. Ke4 Kf6 50. Kd5 Ke7 51. Kxc5 Kd8 52. Kd6 Bg8 53. c5 Kc8 54. Bd7+ Kd8 55. c6 Be6 56. Bxe6 Ke8 57. Bd7+ Kf7 58. c7 Kf6 59. c8=Q Kg7 60. Qc3+ Kg8 61. Be6+ Kh7 62. Qc7+ Kh6 63. g5+ Kxg5 64. Qe7+ Kh6 65. Qf6+ Kh7 66. Qf7+ Kh6 67. Qg6# 1-0

[Event "Abe Yanofsky mem. U1800"]
[Site "Winnipeg CAN"]
[Date "2009.09.06"]
[Round "4"]
[White "Keer, Keer"]
[Black "Manicdao, Tomas"]
[Result "0-1"]
[WhiteElo "1424"]
[BlackElo "1724"]
[PlyCount "137"]
[GameId "2160767910092961"]
[EventDate "2009.09.04"]
[EventType "swiss"]
[EventRounds "5"]
[EventCountry "CAN"]
[SourceTitle "EXT 2011"]
[Source "ChessBase"]
[SourceDate "2011.11.26"]
[SourceVersion "1"]
[SourceVersionDate "2011.11.26"]
[SourceQuality "1"]

1. d4 c6 2. c4 e6 3. Nc3 Nf6 4. e3 Be7 5. Bd3 d5 6. Nge2 Nbd7 7. O-O dxc4 8. Bxc4 b5 9. Bd3 Bb7 10. Ng3 Nb6 11. Re1 Rc8 12. Nge4 Nbd5 13. Nxf6+ Nxf6 14. Qc2 a6 15. Ne4 Nxe4 16. Bxe4 Qc7 17. Bd2 Bd6 18. g3 h5 19. Bg2 h4 20. e4 hxg3 21. hxg3 c5 22. e5 Be7 23. Bxb7 Qxb7 24. Qe4 Qd7 25. Be3 c4 26. Red1 Qd5 27. Qxd5 exd5 28. Kg2 Kd7 29. Rh1 Ke6 30. f4 Kf5 31. Kf3 g6 32. a3 a5 33. Bd2 Rxh1 34. Rxh1 b4 35. g4+ Ke6 36. axb4 axb4 37. Ra1 c3 38. bxc3 bxc3 39. Be1 Bb4 40. Rc1 Rc4 41. Ke3 Ba5 42. Kd3 Bb6 43. Bxc3 Bxd4 44. Rc2 Bxc3 45. Rxc3 Rxf4 46. Ke3 Kxe5 47. Rc5 Rxg4 48. Rc7 f5 49. Re7+ Kd6 50. Rf7 Re4+ 51. Kf3 d4 52. Rf6+ Re6 53. Rf8 Ke7 54. Ra8 d3 55. Ra1 d2 56. Rd1 Rd6 57. Kf4 Kf6 58. Ke3 g5 59. Kf3 Rd4 60. Ke3 Ke5 61. Kf3 g4+ 62. Ke3 f4+ 63. Kf2 Ke4 64. Ke2 g3 65. Kf1 f3 66. Kg1 Ke3 67. Kh1 Ke2 68. Kg1 Kxd1 69. Kf1 0-1

[Event "Abe Yanofsky mem. U1800"]
[Site "Winnipeg CAN"]
[Date "2009.09.06"]
[Round "4"]
[White "Letain, Cory"]
[Black "Gibbons, Lorne"]
[Result "1-0"]
[WhiteElo "1606"]
[BlackElo "1252"]
[PlyCount "93"]
[GameId "2160767910092962"]
[EventDate "2009.09.04"]
[EventType "swiss"]
[EventRounds "5"]
[EventCountry "CAN"]
[SourceTitle "EXT 2011"]
[Source "ChessBase"]
[SourceDate "2011.11.26"]
[SourceVersion "1"]
[SourceVersionDate "2011.11.26"]
[SourceQuality "1"]

1. d4 d5 2. c4 Bf5 3. Qa4+ c6 4. e3 Bxb1 5. Rxb1 Nf6 6. Bd3 dxc4 7. Qxc4 b5 8. Qc2 Qa5+ 9. Bd2 Qxa2 10. Nf3 Qd5 11. O-O g6 12. Ne5 Nbd7 13. Nxd7 Qxd7 14. Rfc1 Rc8 15. Ra1 Nd5 16. Be4 Bg7 17. Bxd5 Qxd5 18. Rxa7 O-O 19. Rxe7 Qg5 20. Qc5 Bf6 21. Qxg5 Bxg5 22. Re5 Bf6 23. Rec5 Rfd8 24. Rxc6 Rxc6 25. Rxc6 Bxd4 26. Ba5 Ra8 27. exd4 Rxa5 28. Kf1 Ra2 29. Rc2 Ra4 30. Rd2 Rc4 31. Ke2 b4 32. Kd3 Rc1 33. d5 Kf8 34. Re2 Rc5 35. Kd4 Rc1 36. d6 Rd1+ 37. Kc5 b3 38. Kc6 Rc1+ 39. Kb7 Rc2 40. d7 Rxe2 41. d8=Q+ Kg7 42. Qd4+ Kh6 43. Kb6 f5 44. Ka5 Re4 45. Qd2+ f4 46. Qd3 Re5+ 47. Ka4 1-0

[Event "Abe Yanofsky mem. U1800"]
[Site "Winnipeg CAN"]
[Date "2009.09.06"]
[Round "4"]
[White "Magnusson, Saul"]
[Black "De Groot, Steven"]
[Result "0-1"]
[WhiteElo "1578"]
[BlackElo "1690"]
[PlyCount "82"]
[GameId "2160767910092963"]
[EventDate "2009.09.04"]
[EventType "swiss"]
[EventRounds "5"]
[EventCountry "CAN"]
[SourceTitle "EXT 2011"]
[Source "ChessBase"]
[SourceDate "2011.11.26"]
[SourceVersion "1"]
[SourceVersionDate "2011.11.26"]
[SourceQuality "1"]

1. d4 d5 2. c4 e6 3. Nc3 Nf6 4. Bg5 Be7 5. Nf3 h6 6. Bh4 O-O 7. e3 b6 8. Rc1 Bb7 9. Qc2 a6 10. cxd5 exd5 11. Bxf6 Bxf6 12. b4 Qd6 13. Rb1 Nd7 14. Bd3 c5 15. bxc5 Nxc5 16. dxc5 Qxc5 17. Na4 Qa5+ 18. Nd2 Rac8 19. Qd1 b5 20. O-O d4 21. Nb2 dxe3 22. fxe3 Rfd8 23. Qe2 Rc2 24. Bxc2 Rxd2 25. Nc4 bxc4 26. Qg4 Rxg2+ 27. Qxg2 Bxg2 28. Rb8+ Bd8 29. Kxg2 Qd2+ 30. Rf2 Qd6 31. Rc8 g6 32. Rxc4 Bc7 33. Kf1 Bb6 34. Rc8+ Kg7 35. Bb3 Qd3+ 36. Kg2 f5 37. Rg8+ Kf6 38. Rf8+ Kg5 39. Rf3 Qe2+ 40. Rf2 Qxe3 41. Rf3 Qe2+ 0-1

[Event "Abe Yanofsky mem. U1800"]
[Site "Winnipeg CAN"]
[Date "2009.09.06"]
[Round "4"]
[White "Raihman, Daniel"]
[Black "Pang, Michael"]
[Result "0-1"]
[WhiteElo "1720"]
[BlackElo "1679"]
[PlyCount "82"]
[GameId "2160767910092964"]
[EventDate "2009.09.04"]
[EventType "swiss"]
[EventRounds "5"]
[EventCountry "CAN"]
[SourceTitle "EXT 2011"]
[Source "ChessBase"]
[SourceDate "2011.11.26"]
[SourceVersion "1"]
[SourceVersionDate "2011.11.26"]
[SourceQuality "1"]

1. e4 c5 2. Nf3 d6 3. d4 cxd4 4. Nxd4 Nf6 5. Nc3 Nc6 6. Be2 g6 7. Be3 Bg7 8. Nb3 O-O 9. Qd2 Bd7 10. O-O-O Rc8 11. h4 h5 12. f3 a6 13. Rdg1 Ne5 14. Nd5 Nxd5 15. Qxd5 Qc7 16. c3 Be6 17. Qd1 Nc4 18. Bxc4 Qxc4 19. Bd4 b5 20. Bxg7 Kxg7 21. Qd4+ Qxd4 22. Nxd4 Bxa2 23. g4 Rh8 24. f4 e5 25. fxe5 dxe5 26. Nc2 Be6 27. gxh5 Rxh5 28. Rg5 Rxg5 29. hxg5 Rd8 30. Rd1 Rxd1+ 31. Kxd1 Bb3 32. Kd2 Bxc2 33. Kxc2 f5 34. gxf6+ Kxf6 35. Kd3 g5 36. Ke3 g4 37. b3 a5 38. c4 bxc4 39. bxc4 a4 40. c5 a3 41. c6 Ke6 0-1